[Event "Niederbayernliga 0607"]
[Site "Germany"]
[Date "2007.??.??"]
[Round "7.6"]
[White "Webersberger, Johann"]
[Black "Daum, Peter"]
[Result "1-0"]
[WhiteElo "1665"]
[BlackElo "1544"]
[PlyCount "127"]
[EventDate "2006.??.??"]
[EventType "team"]
[EventRounds "9"]
[EventCountry "GER"]
[SourceTitle "EXT 2008"]
[Source "ChessBase"]
[SourceDate "2007.11.25"]
[SourceVersion "1"]
[SourceVersionDate "2007.11.25"]
[SourceQuality "1"]
[WhiteTeam "Kauflanden"]
[BlackTeam "Deggendorf II"]
[WhiteTeamCountry "GER"]
[BlackTeamCountry "GER"]

1. Nf3 Nf6 2. d4 d5 3. g3 e6 4. Bg2 c5 5. c3 Be7 6. 0-0 0-0 7. b3 b6 8. Bb2 Bb7 9. Nbd2 Nbd7 10. Re1 a5 11. Ne5 Ra7 12. Qc2 Qa8 13. a4 cxd4 14. cxd4 Bb4 15. Nd3 Be7 16. Nb1 Rc8 17. Qd1 Ba6 18. Nc3 Rac7 19. Rc1 Bxd3 20. Qxd3 Bb4 21. Rf1 Qb7 22. e3 Qb8 23. Rfd1 Rc6 24. Nb5 Rxc1 25. Rxc1 Rxc1+ 26. Bxc1 Qc8 27. Bb2 Qc6 28. Bf3 Kf8 29. Kg2 g6 30. Be2 Ne4 31. f3 Nd6 32. Na3 Nb8 33. Nc2 Nf5 34. Nxb4 axb4 35. e4 Ne7 36. Bd1 f5 37. e5 Qc7 38. Qd2 Nec6 39. Be2 Qe7 40. Bb5 Kg7 41. Bc1 Kh8 42. Kf2 Na5 43. Qc2 Qb7 44. Bg5 Nac6 45. Ke3 Kg8 46. h4 Na5 47. g4 Nac6 48. Bf6 Na5 49. h5 Nd7 50. Bd8 Nb8 51. hxg6 hxg6 52. gxf5 Qh7 53. fxe6 Qh6+ 54. Ke2 Qh2+ 55. Kd3 Qf4 56. e7 Qxf3+ 57. Kd2 Qf4+ 58. Ke1 Qh4+ 59. Qf2 Qe4+ 60. Kf1 Qh1+ 61. Ke2 Qe4+ 62. Qe3 Qg2+ 63. Kd1 Qh1+ 64. Kc2 1-0

[Event "Niederbayernliga 0607"]
[Site "Germany"]
[Date "2006.??.??"]
[Round "2.6"]
[White "Daum, Peter"]
[Black "Foierl, Siegfried"]
[Result "1/2-1/2"]
[WhiteElo "1544"]
[BlackElo "1670"]
[PlyCount "86"]
[EventDate "2006.??.??"]
[EventType "team"]
[EventRounds "9"]
[EventCountry "GER"]
[SourceTitle "EXT 2008"]
[Source "ChessBase"]
[SourceDate "2007.11.25"]
[SourceVersion "1"]
[SourceVersionDate "2007.11.25"]
[SourceQuality "1"]
[WhiteTeam "Deggendorf II"]
[BlackTeam "Geiselhoering"]
[WhiteTeamCountry "GER"]
[BlackTeamCountry "GER"]

1. d4 Nf6 2. c4 g6 3. Nc3 Bg7 4. Nf3 d6 5. e3 0-0 6. Be2 Nbd7 7. 0-0 c6 8. Rb1 a5 9. b3 Re8 10. e4 e5 11. dxe5 Nxe5 12. Nxe5 dxe5 13. Qc2 Qc7 14. Na4 Nxe4 15. Bd3 Nf6 16. f3 Nd7 17. Qf2 b6 18. Be3 Rb8 19. g4 c5 20. Nc3 Bb7 21. g5 Bc6 22. h4 Nf8 23. Be4 Ne6 24. Qh2 Nf4 25. Bxf4 exf4 26. Nd5 Bxd5 27. Bxd5 Re3 28. Rbe1 Qe5 29. Rxe3 Qxe3+ 30. Qf2 Qc3 31. Qe2 Bd4+ 32. Kg2 Qe3 33. Qxe3 fxe3 34. Re1 Re8 35. Re2 Kg7 36. Kg3 f6 37. gxf6+ Kxf6 38. Be4 Re5 39. Bd3 h6 40. Be4 h5 41. Rg2 g5 42. Bd3 Bc3 43. Re2 Bd4 1/2-1/2

[Event "Niederbayernliga 0506"]
[Site "Germany"]
[Date "2006.??.??"]
[Round "5"]
[White "Grum, Theodor"]
[Black "Daum, Peter"]
[Result "1/2-1/2"]
[WhiteElo "1634"]
[BlackElo "1601"]
[PlyCount "48"]
[EventDate "2005.??.??"]
[EventType "team"]
[EventRounds "9"]
[EventCountry "GER"]
[SourceTitle "EXT 2008"]
[Source "ChessBase"]
[SourceDate "2007.11.25"]
[SourceVersion "1"]
[SourceVersionDate "2007.11.25"]
[SourceQuality "1"]
[WhiteTeam "Grafenau"]
[BlackTeam "Deggendorf II"]
[WhiteTeamCountry "GER"]
[BlackTeamCountry "GER"]

1. Nf3 Nf6 2. b3 g6 3. Bb2 Bg7 4. g3 b6 5. Bg2 Bb7 6. 0-0 0-0 7. d3 d5 8. e3 Nbd7 9. Nbd2 c5 10. Qe2 e6 11. Ne5 Nxe5 12. Bxe5 Qd7 13. Qf3 Ne8 14. Bxg7 Kxg7 15. Qe2 e5 16. f4 exf4 17. Rxf4 Nd6 18. Re1 Rae8 19. Qf1 f6 20. e4 dxe4 21. Nxe4 Nxe4 22. Bxe4 Bxe4 23. Rexe4 Rxe4 24. Rxe4 Re8 1/2-1/2